Proceso y principios Una aproximacin̤ a los principios procesales /

Detalles Bibliográficos
Autor principal: Ro̕s Muǫz, Luis Patricio
Formato: eBook
Lenguaje:español
Publicado: Barcelona: J.M. Bosch Editor, 2020
Materias:
Acceso en línea:Acceso restringido

MARC

LEADER 00000nam a22000007a 4500
005 20220502222750.0
007 cr|||| |||
008 220502s2020 es |||||s|||| 00||0 spa d
020 |a 978-84-122527-9-8 
035 |a 35595 
040 |a vLex 
090 |c 13257  |d 13257 
100 1 |a Ro̕s Muǫz, Luis Patricio 
245 1 0 |a Proceso y principios  |h [Recurso electrn̤ico] :  |b Una aproximacin̤ a los principios procesales /  |c Luis Patricio Ro̕s Muǫz 
256 |a Servicio en ln̕ea 
260 |a Barcelona:  |b J.M. Bosch Editor,  |c 2020 
300 |a 1 recurso electrn̤ico 
500 |a Los Principios Procesales son directrices orientadas a optimizar el desenvolvimiento del Proceso Judicial. Por ello, referirse a los Principios Procesales es referirse al Proceso Judicial, y viceversa, puesto que todo Proceso Judicial que se precie de tal, debe contemplar un mn̕imo de principios garantes, sin los cuales degenerar ̀en algo distinto. El presente libro pretende aproximarse a responder ¿qu ̌son los principios procesales?, ¿para qu ̌sirven?, ¿cul̀ es su origen?, ¿es el Debido Proceso el gran ±mega principio»? Para responder a estas interrogantes, la obra reformula el alto nm︢ero de principios procesales a cuatro grandes categora̕s conceptuales: (a) Principios garantes del Proceso —con rango constitucional o convencional y sin los cuales sencillamente no podra̕ hablarse de Proceso—; (b) Principios procesales especf̕icos o stricto sensu —que inciden en el mejor desenvolvimiento de los diferentes tipos de procesos—; (c) Reglas tčnicas —similares a los actuales principios del procedimiento—; (d) y Sistemas —como conjuntos organizados de principios y reglas—. Destacan la manera —crt̕ica y multidisciplinar— como la obra trabaja el tema escogido, teniendo en cuenta el pensamiento de procesalistas y fils̤ofos del Derecho. Se trata pues, de una obra que cumple su objetivo, al ser un estudio efectuado en profundidad, documentado y coherente, sobre la comprensin̤ de los Principios Procesales. 
506 1 |a Disponible solo en los productos indicados  |d vLex Global  |d vLex Global (Academic Edition, excluding Law Schools)  |d vLex Global (U.S. Academic Edition, Law Schools)  |d vLex Global (U.S. Academic Edition, excluding Law Schools)  |d vLex Global (Academic Edition, Law Schools) 
650 0 4 |a Derecho Procesal  |z Espaą 
740 0 |a vLex Libros (Servicio en ln̕ea) 
856 4 0 |u https://app.vlex.com/#/sources/35595  |z Acceso restringido 
942 |c BOOK 
999 0 |a Procedural law